| 000 | 00954nam a2200241Ia 4500 | ||
|---|---|---|---|
| 003 | CO-CtgCURN | ||
| 005 | 20250409233712.0 | ||
| 008 | 190726s2011 xx g 000 0 spa d | ||
| 020 | _a9789588534381 | ||
| 040 |
_aCO-CtgCURN _bspa _ccoctgcurn |
||
| 082 |
_a923.5 _bU76 |
||
| 245 | 0 |
_aUribe Uribe (1859-1914) Apartes selectos de su obra : _banalectas de críticos y biógrafos / _ccomp., Julio Roberto Galindo Hoyos |
|
| 260 |
_aBogotá, Colombia : _bUniversidad Libre, _c2011 |
||
| 300 |
_a444 páginas ; _c28 centímetros |
||
| 521 | _aAREA BASICA | ||
| 590 | _aTodos los programas acádemicos | ||
| 600 |
_aUribe Uribe, Rafael _d1859-1914 _91508 |
||
| 650 |
_aEstadista _ySiglo XIX-XX _zColombia _91509 |
||
| 650 |
_aGuerra de los Mil Días _y1899-1903 _zColombia _91510 |
||
| 700 |
_aGalindo Hoyos, Julio Roberto _ecompilador _91511 |
||
| 942 |
_cBK _h923.5 _iU76 _2ddc _n0 |
||
| 999 |
_c30428 _d30428 |
||